000
00306nam a2200145Ia 4500
100
_a
Dalarcao H.T
942
_c
BK
654
_a
PASCAL
245
_a
Problem solving with PASCAL
260
_b
Macmillan
_a
Sigapore
_c
1988
082
_a
001.6424P
_b
ALA
300
_a
768
546
_a
ENGLISH
999
_c
25683
_d
25683